000 00245nam a2200097Ia 4500
005 20251222152010.0
008 251222s9999||||xx |||||||||||||| ||spa||
082 _a985.27/I59
245 0 _aCompendio estadístico departamental 1997-98
942 _cLIB
999 _c24857
_d24857